Представление документа в формате RUSMARC

ПолеНазваниеЗначение
  Тип записи a
  Библиографический уровень a
001 Контрольный номер RU/REG73/CBS_GRAD/4d3e6380c88e454092418fe5658076cb
005 Дата корректировки 20250423100522.6
100 Данные общей обработки __
a Данные общей обработки 20250423a2025 041|||c0rusy0189 ca
101 Язык документа 0_
a Язык текста rus
102 Страна публикации __
a Страна публикации RU
200 Заглавие и сведения об ответственности 1_
a Заглавие Ульяновский Гагарин
e Сведения, относящиеся к заглавию космос
f Первые сведения об ответственности Антон Николаев
461 Уровень набора _0
1 2000
a Молодежная газета
463 Уровень физической единицы _0
1 2000
a № 13(1407)(11 апреля)
v С.6.
1 2101
d 2025
1 001RU/REG73/CBS_GRAD/e6d6dc0ca68741d69124cf30295ba994
606 Тематические рубрики 0_
a Основная рубрика Космонавтика
610 Ключевые слова 0_
a Ключевые слова космонавты, Кирилл Песков
686 Индексы других классификаций __
a Классификационный индекс 39.6
2 Код системы rubbk
700 Автор _1
a Фамилия Николаев
b Имя (инициалы) А.
g Полное личное имя Антон
801 Источник записи _0
a Страна RU
b Организация RuCBSGrad
c Дата составления 20250423
g Правила каталогизации RCR
801 Источник записи _1
a Страна RU
b Организация RuCBSGrad
c Дата составления 20250423
g Правила каталогизации RCR
852 Данные о местонахождении __
a Наименование организации МБУК ЦБС г. Димитровграда
901 Тип документа __
t Тип документа f
w Контрольный № источника RU/REG73/CBS_GRAD/e6d6dc0ca68741d69124cf30295ba994
909 Создатель записи __
a Создатель записи Тенигина
b Дата создания записи 20250423